[Event "IECC O-4726"]
[Site "IECC email"]
[Date "2018.08.03"]
[Round "?"]
[White "Nilsson, Bjoern"]
[Black "McAuliffe, Adrian"]
[Result "0-1"]
[WhiteElo "886"]
[BlackElo "1051"]
[PlyCount "70"]
[EventDate "2018.??.??"]
[EventType "swiss (corr)"]
[EventRounds "2"]
[SourceTitle "Corr 2020"]
[Source "ChessBase"]
[SourceDate "2019.09.30"]
[SourceVersion "1"]
[SourceVersionDate "2019.09.30"]
[SourceQuality "1"]
[WhiteTeam "Sweden"]
[BlackTeam "Ireland"]
[WhiteTeamCountry "SWE"]
[BlackTeamCountry "IRL"]

1. d4 d5 2. e3 Nf6 3. Bd3 Nc6 4. Nf3 Bg4 5. Qd2 Bxf3 6. gxf3 e6 7. Qe2 Bd6 8. Rg1 Bxh2 9. Nc3 Bxg1 10. Kf1 Bh2 11. f4 Bxf4 12. exf4 Nxd4 13. Qd1 Qd7 14. b3 0-0-0 15. Ba3 Kb8 16. Bc5 Nf5 17. Nb5 a6 18. Na3 Qc6 19. Bb4 d4 20. Rc1 h5 21. Qe1 h4 22. Ke2 Qg2 23. Nc4 Ng4 24. Qf1 Ng3+ 25. Ke1 Nxf1 26. Bxf1 Qxf2+ 27. Kd1 Qxf1+ 28. Kd2 Qxc1+ 29. Kxc1 h3 30. Kb2 h2 31. Ka3 h1Q 32. Ka4 b5+ 33. Ka5 bxc4 34. bxc4 Qc6 35. a4 Qb6# 0-1

[Event "IECC O-4369"]
[Site "IECC email"]
[Date "2016.08.08"]
[Round "?"]
[White "Pratt, Lou"]
[Black "McAuliffe, Adrian"]
[Result "1-0"]
[WhiteElo "1203"]
[BlackElo "1063"]
[PlyCount "41"]
[EventDate "2016.??.??"]
[EventType "swiss (corr)"]
[EventRounds "2"]
[SourceTitle "Corr 2020"]
[Source "ChessBase"]
[SourceDate "2019.09.30"]
[SourceVersion "1"]
[SourceVersionDate "2019.09.30"]
[SourceQuality "1"]
[WhiteTeam "United States"]
[BlackTeam "Ireland"]
[WhiteTeamCountry "USA"]
[BlackTeamCountry "IRL"]

1. e4 e5 2. Nf3 Nc6 3. Bb5 d6 4. c3 Nf6 5. 0-0 Be7 6. Bxc6+ bxc6 7. Re1 Bg4 8. h3 Bh5 9. d4 0-0 10. Qd3 Bxf3 11. Qxf3 c5 12. dxc5 dxc5 13. Rd1 Qc8 14. Na3 Rb8 15. Nc4 Qe6 16. Ne3 h6 17. Nf5 Bd8 18. b3 Nh7 19. Bxh6 gxh6 20. Qg3+ Kh8 21. Qg7# 1-0